Em casa (Registo nº 3490)

Detalhes MARC
000 -Etiqueta do registo
Cabeçalho 00873nam a22003011 4500
005 - Identificador da versão
Campo de controlo 20240813122003.0
095 ## -
-- PTBN00792272
010 ## - Número internacional normalizado dos livros (ISBN)
Número (ISBN) 9722620797
100 ## - Dados gerais de processamento
Dados gerais de processamento 20040620d2002 b y0pory5003 ba
102 ## - Pais de publicação ou produção
País de publicação Portugal
101 1# - Língua de publicação
Língua do texto, banda sonora, etc. Português
Língua do documento no original Inglês
106 ## - Campo de dados codificados: material textual
Dados codificados do material textual z
105 ## - Campo de dados codificados: livros
Dados codificados dos livros c z 000yy
215 ## - Descrição física 
Indicação específica da natureza do documento e extensão da espécie [10] p.
Outras indicações físicas il.
Dimensões 16 cm
200 1# - Titulo e menção de responsabilidade
Título próprio Em casa
Primeira menção de responsabilidade resp. edit. Dorling Kindersley
Outras menções de responsabilidade trad. Susana Paulino
225 2# - Colecção 
Título próprio da colecção Janela mágica
210 ## - Publicação, Distribuição, etc. 
Lugar da edição, distribuição, etc. Porto
Nome do editor, distribuidor, etc. Civilização/Dorling Kindersley
Data da publicação, distribuição, etc. cop. 2002
300 ## - Notas gerais 
Texto da nota Páginas cartonadas com transparências
304 ## - Notas relativas a título e menção de responsabilidade 
Texto da nota Tít. orig.: At home
606 ## - Nome comum usado como assunto
Número de registo de entrada de autoridade 0000006
Palavra de ordem Literatura estrangeira infantil
675 ## - Classificação Decimal Universal (CDU)
Notação 82-93
Edição
Língua da edição por
702 #1 - Nome de autor-pessoa física (responsabilidade secundária)
Número de registo de entrada de autoridade 0002592
Palavra de ordem Paulino
Outra parte do nome não tomada para palavra de ordem Susana
Código de função Tradutor
710 02 - Nome de colectividade-autor (responsabilidade principal)
Número de registo de entrada de autoridade 0000166
Palavra de ordem Dorling Kindersley
942 ## - Elementos de entrada adicionados (Koha)
Tipo de item no Koha Livro
Exemplares
Situação do levantamento Origin of item (home branch) (coded) Biblioteca de empréstimo Código de barras Cota Circulation type (not for loan) Tipo de documento Nota do exemplar Damaged status
  Biblioteca Escolar da Coca Maravilhas Biblioteca Escolar da Coca Maravilhas BECM6591/04 8EST DOR   Livro Sem mensagem